Электронный каталог - особая поисковая среда; Научные и технические библиотеки; № 9

Bibliografiske detaljer
Parent link:Научные и технические библиотеки: ежемесячный сборник по вопросам теории и практики библиотечного дела/ Государственная публичная научно-техническая библиотека России.— , 1994-.— 0130-9765
№ 9.— 2005.— С. 67-72
Hovedforfatter: Миниярова З. М. Залина Михайловна
Sprog:russisk
Udgivet: 2005
Serier:Отклики на публикацию
Fag:
Format: MixedMaterials Book Chapter
KOHA link:https://koha.lib.tpu.ru/cgi-bin/koha/opac-detail.pl?biblionumber=399031

MARC

LEADER 00000naa2a2200000 4500
001 399031
005 20231101065148.0
035 |a (RuTPU)RU\TPU\prd\39911 
035 |a RU\TPU\prd\39910 
090 |a 399031 
100 |a 20051124a2005 k y0rusy50 ca 
101 0 |a rus 
102 |a RU 
200 1 |a Электронный каталог - особая поисковая среда  |f З. М. Миниярова 
225 1 |a Отклики на публикацию 
461 0 |0 (RuTPU)RU\TPU\prd\1594  |x 0130-9765  |t Научные и технические библиотеки  |o ежемесячный сборник по вопросам теории и практики библиотечного дела  |f Государственная публичная научно-техническая библиотека России  |d 1994- 
463 0 |0 (RuTPU)RU\TPU\prd\39694  |t № 9  |v С. 67-72  |d 2005 
610 1 |a библиотеки 
610 1 |a квалификация 
610 1 |a электронные каталоги 
610 1 |a информационный поиск 
610 1 |a информационно-поисковые языки 
610 1 |a повышение 
700 1 |a Миниярова  |b З. М.  |g Залина Михайловна 
801 1 |a RU  |b 63413507  |c 20051124  |g PSBO 
801 2 |a RU  |b 63413507  |c 20170120  |g PSBO 
942 |c BK